• 首页
  • 本馆介绍
  • 公告通知
  • 最新文献
  • 馆藏检索
  • 电子资源
  • 读者导购
  • 参考咨询
  • 我的图书馆
  • 登录
  • 详细信息显示
  • 放入我的书架
  • 预约/预借图书
  • 作者相关作品
  • 分类相关作品
  • 丛书相关作品
  • 出版社相关作品

书目信息

  • 表格格式
  • 工作单格式
  • 卡片格式
题名:
文献著录与目录组织管理
    
 
作者: 黄俊贵 执笔
分册:  
出版信息: 北京   书目文献出版社  1991.3
页数: 332页
开本: 19厘米
丛书名: 图书馆学情报学知识丛书
单 册:
中图分类: G254.31
科图分类:
主题词: 图书著录 , 目录组织--管理
电子资源:
ISBN: 7-5013-0833-0
000 00959nam 2200265 45
001 0191010370
005 20060808180226.71
010    @a7-5013-0833-0@dCNY4.50
100    @a19910514d1991 m y0chiy0121 ea
101 0  @achi
102    @aCN@b110000
105    @ay z 000yy
200 10 @a文献著录与目录组织管理@AWEN XIAN ZHU LU YU MU LU ZU ZHI GUAN LI@f黄俊贵等执笔@FHUANG JUN GUI DENG ZHI BI
210    @a北京@c书目文献出版社@d1991.3
215    @a332页@d19厘米
225 2  @a图书馆学情报学知识丛书@f黄俊贵,倪 波主编@v6
330    @a本书系统论述了图书的著录及目录组织管理方法,包括各著录项、分析和综合法、丛书和多卷书等各种著录法、著录标目法、各种目录的编制和管理方法等。
410  0 @120010@a图书馆学情报学知识丛书@v6
540 1  @a文献 著录 目录@AWEN XIAN ZHU LU MU LU
606    @a图书著录
606    @a目录组织@x管理
690    @aG254.31
701  0 @a黄俊贵@AHUANG JUN GUI@4执笔
801  0 @aCN@bTSSF@c20060808
905    @a10447@dG254.31@e83
    
    文献著录与目录组织管理/黄俊贵等执笔.-北京:书目文献出版社,1991.3
    332页;19厘米.-(图书馆学情报学知识丛书/黄俊贵,倪 波主编;6)
    
    
    ISBN 7-5013-0833-0:CNY4.50
    本书系统论述了图书的著录及目录组织管理方法,包括各著录项、分析和综合法、丛书和多卷书等各种著录法、著录标目法、各种目录的编制和管理方法等。
●
相关链接 在E读中查询图书 在五车中查询图书 在当当中查询图书 在豆瓣中查询图书


正题名:文献著录与目录组织管理     索取号:G254.31/83         预约/预借

序号 登录号 条形码 馆藏地/架位号 状态 备注
1 0447640   204476405   密集书库/ [索取号:G254.31/83] 在馆    
2 0447641   204476414   密集书库/ [索取号:G254.31/83] 在馆    
唐山师范学院图书馆 欢迎您!
大连网信软件有限公司© 版权所有